संतमाला (Record no. 370229)

MARC details
000 -LEADER
fixed length control field 00400 a2200133 4500
003 - CONTROL NUMBER IDENTIFIER
control field OSt
005 - DATE AND TIME OF LATEST TRANSACTION
control field 20260211144132.0
008 - FIXED-LENGTH DATA ELEMENTS--GENERAL INFORMATION
fixed length control field 260211b |||||||| |||| 00| 0 eng d
100 ## - MAIN ENTRY--PERSONAL NAME
Personal name कुलकर्णी अ.
245 ## - TITLE STATEMENT
Title संतमाला
260 ## - PUBLICATION, DISTRIBUTION, ETC. (IMPRINT)
Name of publisher, distributor, etc. भारतीय विचार साधना प्रकाशन
Date of publication, distribution, etc. 2015
Place of publication, distribution, etc. पुणे
300 ## - PHYSICAL DESCRIPTION
Extent 16pp
942 ## - ADDED ENTRY ELEMENTS (KOHA)
Koha item type Books
Source of classification or shelving scheme Dewey Decimal Classification
Holdings
Withdrawn status Lost status Source of classification or shelving scheme Damaged status Not for loan Collection code Home library Current library Date acquired Vendor Cost, normal purchase price Total Checkouts Barcode Date last seen Cost, replacement price Bill Date Koha item type Original Barcode
    Dewey Decimal Classification     MCA MKSSS s K.B. Joshi Institute of Information Technology Library MKSSS s K.B. Joshi Institute of Information Technology Library 03/02/2026 188 14.00   KBJP-BK-3028 03/02/2026 20.00 03/02/2026 Books 3028
    Dewey Decimal Classification     MCA MKSSS s K.B. Joshi Institute of Information Technology Library MKSSS s K.B. Joshi Institute of Information Technology Library 03/02/2026 188 14.00   KBJP-BK-3027 03/02/2026 20.00 03/02/2026 Books 3027
    Dewey Decimal Classification     MCA MKSSS s K.B. Joshi Institute of Information Technology Library MKSSS s K.B. Joshi Institute of Information Technology Library 03/02/2026 188 14.00   KBJP-BK-3029 03/02/2026 20.00 03/02/2026 Books 3029
    Dewey Decimal Classification     MCA MKSSS s K.B. Joshi Institute of Information Technology Library MKSSS s K.B. Joshi Institute of Information Technology Library 03/02/2026 188 14.00   KBJP-BK-2990 03/02/2026 20.00 03/02/2026 Books 2990